LEADER 01021nam0-22003371i-450- 001 990003172280403321 010 $a0-8039-0116-X 035 $a000317228 035 $aFED01000317228 035 $a(Aleph)000317228FED01 035 $a000317228 100 $a20000920d1971----km-y0itay50------ba 101 0 $aENG 102 $aIT 200 1 $aPublic Opinion and the Military Establishment$fEdited by Charles C. Moskos, Jr.. 210 $aBeverly Hills$dCal.$cSage$d1971. 215 $axvi, 294 p.$d24 cm 225 1 $aSage Research Progress Series on War, Revolution, and Peacekeeping,$v1 610 0 $aSociologia militare 676 $a12740 676 $a19700 702 1$aMoskos,$bCharles C. 712 2$aInter-university Seminar on Armed Forces and Society 801 0$aIT$bUNINA$gRICA$2UNIMARC 901 $aBK 912 $a990003172280403321 952 $a19700 PUB$b4398/I$fSES 959 $aSES 996 $aPublic Opinion and the Military Establishment$9457730 997 $aUNINA DB $aING01 LEADER 01040nam a2200253 i 4500 001 991003451529707536 005 20020503192932.0 008 930310s1988 it ||| | ita 020 $a8877860766 035 $ab10508089-39ule_inst 035 $aEXGIL121128$9ExL 040 $aBiblioteca Interfacoltà$bita 100 1 $aChirizzi, Gino Giovanni$0453307 245 10$aMartignano "dei Greci" dagli Angioini ai Borboni /$cGino Giovanni Chirizzi 260 $aGalatina :$bCongedo,$c1988 300 $a175 p., 40 p. di tav. ;$c25 cm. 650 4$aMartignano$xStoria$ySec. 13.-19. 907 $a.b10508089$b02-04-14$c27-06-02 912 $a991003451529707536 945 $aLE002 Sal. V C 17$g1$i2002000988089$lle002$o-$pE0.00$q-$rn$so $t0$u0$v0$w0$x0$y.i10585503$z27-06-02 945 $aLE002 Sal. V C 17 bis$g2$i2002000988096$lle002$o-$pE0.00$q-$rl$so $t0$u1$v0$w1$x0$y.i15134994$z25-05-10 996 $aMartignano "dei Greci" dagli Angioini ai Borboni$9213153 997 $aUNISALENTO 998 $ale002$b01-01-93$cm$da $e-$fita$git $h0$i1